000 00729cam a22002058i 4500
999 _c58422
_d58422
001 21724664
005 20221106105149.0
008 200921s2021 enk b 001 0 eng
020 _a9780815350040x
041 _aeng
080 _a372.2 H-19
100 1 _aHalpenny, Ann Marie
_913463
245 1 0 _aCapturing children's meanings in early childhood research and practice :
_ba student guide /
_cAnn Marie Halpenny.
264 1 _aLondon :
_bRoutledge,
_c2021.
300 _a255 pages:
_bill.;
_c24 cm.
653 _aსკოლამდელი ბავშვების განათლება
653 _aДошкольное образование
653 _aპედაგოგიკა
942 _2udc
_cBK